000 00344nam a22001217a 4500
040 _cNUST
082 _a620.118
_bEFF
100 _aDick J. Wilkins
_9125048
245 _aEffects of Defects in Composite Materials
260 _aSan Francisco:
_bASTM Publication,
_c1984.
650 _2Effects of Defects in Composite Materials
942 _2ddc
_cBK
999 _c610811
_d610811